| 000 | 00364nam a22001457a 4500 | ||
|---|---|---|---|
| 008 | 160428b xxu||||| |||| 00| 0 eng d | ||
| 020 | _a0538734655 | ||
| 020 | _a9780538734653 | ||
| 020 | _a0538494123 | ||
| 020 | _a9780538494120 | ||
| 041 | _aeng | ||
| 080 | _a612.39 | ||
| 245 | 1 | 0 |
_aUnderstanding nutrition: _cEllie Whitney; Sharon Rady Rolfes; |
| 942 |
_2udc _cBK |
||
| 999 |
_c1654 _d1654 |
||